La construcción del sujeto ético / (Registro nro. 3579)
[ vista simple ]
| 000 -CABECERA | |
|---|---|
| campo de control de longitud fija | 02259nam a22003017a 4500 |
| 003 - IDENTIFICADOR DEL NÚMERO DE CONTROL | |
| campo de control | AR-RoIUNI |
| 005 - FECHA Y HORA DE LA ÚLTIMA TRANSACCIÓN | |
| campo de control | 20241122062826.0 |
| 007 - CAMPO FIJO DE DESCRIPCIÓN FÍSICA--INFORMACIÓN GENERAL | |
| campo de control de longitud fija | ta |
| 008 - DATOS DE LONGITUD FIJA--INFORMACIÓN GENERAL | |
| campo de control de longitud fija | 170623s2011 ag |||||r|||| 00| 0 spa d |
| 020 ## - NÚMERO INTERNACIONAL ESTÁNDAR DEL LIBRO | |
| Número Internacional Estándar del Libro | 9789501242874 |
| 040 ## - FUENTE DE LA CATALOGACIÓN | |
| Lengua de catalogación | spa |
| Centro/agencia transcriptor | AR-RoIUNI |
| Normas de descripción | aarc2 |
| 041 ## - CÓDIGO DE LENGUA | |
| Código de lengua del texto/banda sonora o título independiente | spa |
| 080 ## - NÚMERO DE LA CLASIFICACIÓN DECIMAL UNIVERSAL | |
| Número de la Clasificación Decimal Universal | 159.964.2 |
| 100 1# - ENTRADA PRINCIPAL--NOMBRE DE PERSONA | |
| Nombre de persona | Bleichmar, Silvia |
| Fechas asociadas al nombre | 1944- |
| 245 13 - MENCIÓN DE TÍTULO | |
| Título | La construcción del sujeto ético / |
| Mención de responsabilidad, etc. | Silvia Bleichmar. |
| 250 ## - MENCIÓN DE EDICIÓN | |
| Mención de edición | 1a ed. |
| 260 ## - PUBLICACIÓN, DISTRIBUCIÓN, ETC. (PIE DE IMPRENTA) | |
| Lugar de publicación, distribución, etc. | Buenos Aires : |
| Nombre del editor, distribuidor, etc. | Paidós, |
| Fecha de publicación, distribución, etc. | 2011. |
| 300 ## - DESCRIPCIÓN FÍSICA | |
| Extensión | 542 p. ; |
| Dimensiones | 22 cm |
| 490 0# - MENCIÓN DE SERIE | |
| Mención de serie | Biblioteca de psicología profunda ; |
| Designación de volumen o secuencia | 287 |
| 505 0# - NOTA DE CONTENIDO CON FORMATO | |
| Nota de contenido con formato | 1. Premisas de constitución de la ética en el sujeto psíquico -- 2. El sentimiento de soledad -- 3. Envidia, rivalidad, celos lugar lugar de los sentimientos negativos -- 4. El yo no es un desprendimiento modificado del inconsciente -- 5. Acerca de la crueldad -- 6. Pensar la pulsión de muerte -- 7. Lo inscripto, lo representable, lo irrepresentable -- 8. De la autopreservación de si mismo al cuidado del semejante -- 9. Mitos y teorías del psicoanálisis respecto a la construcción del sujeto ético -- 10. Revisión del complejo de Edipo y su relación con la constitución del superyó -- 11. El complejo de Edipo y la construcción de legalidades: tensiones entre moral y ética -- 12. Revisando las teorías vigentes acerca de los orígenes del superyó -- 13. La articulación de los enunciados del superyó en su matriz cultural-ideológica -- 14. Perversión y psicopatía: enlaces, relaciones y diferencias entre ambas -- 15. La sexualidad: lo público y lo privado en la sociedad contemporánea -- 16. Un caso clínico paradigmático -- 17. Repetición de lo traumático -- 18. El desvío innnatista de Mélanie Klein: tendencias criminales en niños normales -- 19. La transferencia no es mera repetición sino neocreación -- 20. Envidia y celos en la clínica -- 21. Del lugar del padre -- 22. La normatividad y la ley -- 23. La ética del analista, ¿en el límite o en el centro del contrato analítico? -- 24. Balance teórico. |
| 600 1# - PUNTO DE ACCESO ADICIONAL DE MATERIA--NOMBRE DE PERSONA | |
| Nombre de persona | Klein, Melanie, |
| Fechas asociadas al nombre | 1882-1960 |
| Subdivisión general | CRÍTICA E INTERPRETACIÓN |
| 650 #4 - PUNTO DE ACCESO ADICIONAL DE MATERIA--TÉRMINO DE MATERIA | |
| Término de materia o nombre geográfico como elemento inicial | PSICOLOGÍA |
| 9 (RLIN) | 108 |
| 650 #4 - PUNTO DE ACCESO ADICIONAL DE MATERIA--TÉRMINO DE MATERIA | |
| Término de materia o nombre geográfico como elemento inicial | PSICOANÁLISIS |
| 650 #4 - PUNTO DE ACCESO ADICIONAL DE MATERIA--TÉRMINO DE MATERIA | |
| Término de materia o nombre geográfico como elemento inicial | SUJETO |
| 650 #0 - PUNTO DE ACCESO ADICIONAL DE MATERIA--TÉRMINO DE MATERIA | |
| Término de materia o nombre geográfico como elemento inicial | Ética |
| 9 (RLIN) | 59 |
| 650 #4 - PUNTO DE ACCESO ADICIONAL DE MATERIA--TÉRMINO DE MATERIA | |
| Término de materia o nombre geográfico como elemento inicial | NIÑOS |
| 942 ## - ELEMENTOS DE PUNTO DE ACCESO ADICIONAL (KOHA) | |
| Fuente del sistema de clasificación o colocación | Clasificación Decimal Universal |
| Tipo de ítem Koha | Libros |
| Estado de retiro | Estado de pérdida | Fuente del sistema de clasificación o colocación | Estado dañado | Excepción de préstamo | Código de colección | Localización permanente | Ubicación/localización actual | Ubicación en estantería | Fecha de adquisición | Fuente de adquisición | Número de inventario | Total de préstamos | Renovaciones totales | Signatura topográfica completa | Código de barras | Fecha visto por última vez | Fecha del último préstamo | Número de copia | Precio válido a partir de | Tipo de ítem Koha |
|---|---|---|---|---|---|---|---|---|---|---|---|---|---|---|---|---|---|---|---|---|
| Clasificación Decimal Universal | Psicología | BIBLIOTECA RIOBAMBA | BIBLIOTECA RIOBAMBA | BIBLIOTECA RIOBAMBA | 23/06/2017 | Compra | 3707 | 6 | 4 | 159.964.2 BLE | 3707 | 12/03/2026 | 04/12/2024 | 1 | 23/06/2017 | Libros |

